| 000 | 00648nam a22001577a 4500 | ||
|---|---|---|---|
| 003 | SGT | ||
| 020 | _a9780074631133 | ||
| 082 | _a511.3, TRE | ||
| 100 | _aTREMBLAY, J P. | ||
| 245 | _aDISCRETE MATHEMATICAL STRUCTURES WITH APPLICATIONS TO COMPUTER SCIENCE | ||
| 260 |
_aNEW DELHI _bMC GRAW HILL EDUCATION INDIA PRIVATE LIMITED _c2015 |
||
| 300 | _a606 | ||
| 650 | _aGENERAL PRINCIPAL OF MATHEMATICS | ||
| 653 | _aMATHEMATICAL LOGIC 1 IS NORMAL FORMS 50 SET THEORY 104 ALGEBRAIC STRUCTURES 270 LATTICES AND BOOLEAN ALGEBRA 378 EXERCISES 45 451 INTRODUCTION TO COMPUTABILITY THEORY 557 APPENDIX 585 COPYRIGHT | ||
| 942 |
_2ddc _cFPS |
||
| 999 |
_c9297 _d9297 |
||